000 00549nam a2200205Ia 4500
005 20250923150058.0
008 008 250917s9999 xx 000 0 eng d
037 _aTextual
040 _aDSWL
_beng
_cDSWL
041 _aeng
_2eng
084 _qDSWL
100 _aCameron, Catherine
_9841986
245 0 _aResolvign childhood trauma
_c by Catherine Cameron
260 _aThousand Oaks
_bOaks Sage Publication
_c2000
300 _a340p.
365 _aINR
_b1375.15
925 _g1375.15
942 _cTEXL
999 _c1459318
_d1459318